Guess the Taylor Swift Song - Statistics

General Stats
  • This quiz has been taken 7,590 times
  • The average score is 252 of 447
Answer Stats
Lyrics % Correct
I
98%
a
95%
you
94%
The
90%
the
90%
me
89%
we
85%
We
85%
when
78%
When
78%
and
77%
on
77%
to
77%
To
77%
your
76%
be
74%
in
73%
In
73%
it
70%
my
69%
is
67%
that
66%
Like
65%
like
65%
were
65%
night
62%
You're
62%
you're
62%
of
61%
one
61%
want
59%
all
58%
so
57%
this
57%
with
57%
but
56%
too
55%
first
52%
for
52%
know
51%
I'm
50%
met
50%
friends
48%
it's
48%
Went
48%
went
48%
had
47%
I'd
47%
Now
47%
Oh,
47%
paper
47%
rings
47%
Kiss
46%
read
46%
things
46%
'cause
45%
from
45%
if
45%
right
45%
marry
44%
up
44%
hate
43%
I've
43%
shiny
43%
That's
42%
home
41%
long
41%
high
40%
life
40%
moon
40%
internet
39%
or
39%
three
39%
Three
39%
bed
38%
Darling
38%
Darling,
38%
once
38%
two
38%
accidents
37%
cold
37%
stalk
37%
books
36%
dreams
36%
times
36%
back
35%
beside
35%
except
35%
gonna
35%
tried
35%
twice
35%
baby
34%
gave
34%
Uh
34%
whole
34%
alright
33%
blue
33%
middle
33%
picture
33%
street
33%
waited
33%
watch
33%
boy
31%
dirty
31%
frames
31%
wake
31%
wine
31%
here
30%
shoulder
30%
breathe
29%
even
29%
huh
29%
month
29%
away
26%
makes
26%
pool
26%
Cat
25%
jumped
25%
mouse
24%
wall
24%
around
23%
brother's
23%
icy
23%
outdoor
23%
painted
23%
takes
23%
Which
23%
arms
22%
drive
22%
winter
22%
color
21%
Mondays
21%
wouldn't
21%
Wrap
21%
complications
20%
standing
20%
without
20%
dreary
19%
Honey,
19%
tall,
18%
exes,
17%
flaws
17%
fights,
16%
No matching quizzes found
Score Distribution
Percent of People with Each Score
Percentile by Number Answered
Your Score History
You have not taken this quiz